Welcome to the Holygrace Academy Library

Please use search bar below to get started

12 MATHEMATICS (Record no. 6826)

MARC details
000 -LEADER
fixed length control field 00376nam a22001577a 4500
020 ## - INTERNATIONAL STANDARD BOOK NUMBER
ISBN 978-93-5027
082 ## - DEWEY DECIMAL CLASSIFICATION NUMBER
Classification number 510
Item number AGG/M
100 ## - MAIN ENTRY--AUTHOR NAME
Personal name R.S.AGGARWAL
245 ## - TITLE STATEMENT
Title 12 MATHEMATICS
246 ## - VARYING FORM OF TITLE
Title proper/short title 12 MATHEMATICS
Remainder of title 12 MATHEMATICS
260 ## - PUBLICATION, DISTRIBUTION, ETC. (IMPRINT)
Place of publication PATNA
Name of publisher BHARAI BHAVAN
Year of publication 2022
300 ## - PHYSICAL DESCRIPTION
Number of Pages 1390
520 ## - SUMMARY, ETC.
Summary, etc MATHEMATICS PROBLEM SOLUTIONS
650 ## - SUBJECT ADDED ENTRY--TOPICAL TERM
Topical Term MATHEMATICS
942 ## - ADDED ENTRY ELEMENTS (KOHA)
Koha item type Books
Holdings
Withdrawn status Lost status Collection code Home library Current library Shelving location Date acquired Source of acquisition Cost, normal purchase price Full call number Accession Number Koha item type
    Reference Main Library Main Library SHELF-10 E PLUS 2 -MATHS 27/09/2023 Purchase 1360.00 510 AGG/M 12913 Books